000 01324nam a22003377a 4500
003 CHAP
005 20220329140420.0
008 971013s1985 r 00010 d
010 _a51651
011 _a52623
035 _a56773
040 _cCHAP
090 _aTesis
100 0 0 _aRolón Orozco, Crecencio.
_999462
245 _aEvaluación de resistenci al mildiu del sorgo (Peronosclerospora sorghi (Weston & Uppal) C. G. Show) en 20 líneas experimentales de sorgo para grano (Sorghum bicolor (L.) Moench) e identificación de prototipos del sorgo
260 _aMarín, N. L. :
_bEl autor,
_c1985
300 _a64 h.
_b; gráfs.
502 _aTesis (Ing. Agr. Parasitólogo) -- Universidad Autónoma de Nuevo León. Facultad de Agronomía
590 _aALEPH
_b10
_c20130110
_lUCH01
_h1327
590 _aBATCH-UPD
_b10
_c20130110
_lUCH01
_h0518
590 _aBATCH-UPD
_b10
_c20130110
_lUCH01
_h2302
590 _aBATCH-UPD
_b10
_c20130410
_lUCH01
_h0157
590 _aBATCH-UPD
_b10
_c20130914
_lUCH01
_h1907
590 _aCONVERSION
_b10
_c20130109
_lUCH01
_h1328
650 1 4 _aPeronosclerospora sorghi.
_987210
650 1 4 _aSorgo
_xEnfermedades por hongos.
_9108664
650 1 4 _aSorgo
_xVariedades resistentes a plagas.
_9108736
901 _aBK
942 _cTESIS
949 _bBC
_cTES
_d-123871
_eTS1
_h20423
_i56773
_si
999 _c51651
_d51651